| 000 | 01490nam a2200349 a 4500 | ||
|---|---|---|---|
| 001 | 28120 | ||
| 003 | BD-RjUL | ||
| 005 | 20211209051236.0 | ||
| 008 | 140329s2005 cauab be 001 0 eng | ||
| 020 | _a1576079996 (hard. : alk. paper) | ||
| 020 | _a1576070956 (ebook) | ||
| 035 | _a(BD-RjUL)28201 | ||
| 040 |
_aDLC _cDLC _dDLC _dBD-RjUL _beng |
||
| 041 | _aeng | ||
| 082 | 0 | 0 |
_aR 940.5303 _222 _bENC V-3 2005 |
| 245 | 0 | 0 |
_aEncyclopedia of World War II : _ba political, social, and military history / _cSpencer C. Tucker ... [et al.], editor, Priscilla Mary Roberts, editor, Documents volume ; foreword by Allan R. Millett. _nVOLUME III : _pL - R |
| 246 | 3 | _aEncyclopedia of World War Two | |
| 246 | 3 | _aEncyclopedia of World War 2 | |
| 260 |
_aSanta Barbara, Calif. : _bABC-CLIO, _cc2005. |
||
| 300 |
_axlvi, 857-1317 p. : _bill. ; _c29 cm. |
||
| 504 | _aIncludes bibliographical references (p. 1719-1743) and index. | ||
| 505 | 0 | _av. 1 -- A-C v. 2 -- D-K v. 3 -- L-R v. 4 -- S-Z v.5 -- Documents. | |
| 650 | 0 |
_aWorld War, 1939-1945 _vEncyclopedias. _986176 |
|
| 650 | 0 |
_aHistory, Modern _y20th century _vEncyclopedias. _986177 |
|
| 700 | 1 |
_aTucker, Spencer, _d1937- _986178 |
|
| 700 | 1 |
_aRoberts, Priscilla Mary. _986179 |
|
| 856 | 4 | 2 |
_3Publisher description _uhttp://www.loc.gov/catdir/description/abc051/2004023745.html |
| 856 | 4 | 1 |
_3Table of contents _uhttp://www.loc.gov/catdir/toc/ecip052/2004023745.html |
| 942 |
_2ddc _cREF |
||
| 999 |
_c28120 _d28120 |
||